Lord of the Flies Character Quotes Quiz - Statistics

General Stats
  • This quiz has been taken 9,469 times
  • The average score is 12 of 20
Answer Stats
Hint Answer % Correct
"'Bollocks to the rules! We're strong - we hunt!'" Jack
99%
"'I expect we'll want to know all their names..and make a list. We ought to have a meeting.'" Piggy
97%
"He was shorter than the fair boy and very fat" Piggy
82%
"a skinny, vivid little boy, with a glance coming up from under a hut of straight hair that hung down, black and course". Simon
82%
"You could see he might make a boxer, as far as width and heaviness in the shoulders went, but there was a mildness about his mouth and eyes that proclaimed no devil." Ralph
75%
"Then [he] was standing cradling the great cream shell" Piggy
68%
" The waves turned the corpse gently in the water. ... Softly, surrounded by a fringe of bright inquisitive creatures, itself a silver shape beneath the steadfast constellations, [his] dead body moved out towards the open sea". Simon
67%
"And in the middle of them, with Filthy body, matted hair, and unwiped nose, [he] wept for the end of innocence, the darkness of man's heart, and the fall through the air of the true, wise friend" Ralph
66%
"The shock of black hair, down his nape and low on his forehead, seemed to suit his gloomy face and make what had seemed at first unsociable remoteness in to something foreboding." Roger
64%
"They breathed together, they grinned together, they were chunky and vital." Samneric
63%
"'I don't care what [you] call me so long as . . . [it's not] what they used to call me in school" Piggy
59%
"'We've got to have rules and obey them. After all, we're not savages. We're English, and the English are best at everything.'" Jack
57%
"carried death in his hands". Roger
57%
"Like candles. Candle bushes. Candle buds" Simon
55%
"[he] . . . would treat the day's decisions as though he were playing chess. The only trouble was that he would never be a very good chess player." Ralph
54%
"'I think we ought to climb the mountain'" Simon
54%
"[he] himself shrank at this cry with a hiss of indrawn breath; and for a minute became less a hunter than a furtive thing, ape-like among the tangle of trees" Jack
48%
"kept to himself with an inner intensity of avoidance and secrecy." Roger
43%
"The creature was a party of boys, marching . . . " The Choir
29%
"protested out of the heart of civilization, 'Oh, I say! –honestly!'" Samneric
27%
No matching quizzes found
Score Distribution
Percent of People with Each Score
Percentile by Number Answered
Your Score History
You have not taken this quiz